[Event "World Rapid Team 2023"]
[Site "Dusseldorf GER"]
[Date "2023.08.27"]
[Round "6.17"]
[Board "2"]
[White "Roberson, Peter T"]
[Black "Lorenz, Veronika"]
[Result "1-0"]
[WhiteTitle "IM"]
[WhiteElo "2433"]
[BlackElo "1668"]
[WhiteTeam "The Sharks"]
[BlackTeam "Deutsche Schachjugend 2"]
[WhiteFideId "412384"]
[BlackFideId "16277406"]
[EventDate "2023.08.26"]

1. e4 e5 2. Nf3 Nc6 3. Bb5 a6 4. Ba4 Nf6 5. O-O Be7 6. Re1 b5 7. Bb3 d6 8. c3
O-O 9. h3 Na5 10. Bc2 c5 11. d4 Qc7 12. Nbd2 cxd4 13. cxd4 Nc6 14. Nb3 a5 15.
Be3 Bd7 16. Rc1 Qb7 17. dxe5 Nxe5 18. Nxe5 dxe5 19. Nc5 Bxc5 20. Bxc5 Rfd8 21.
Be7 Bg4 22. Qxd8+ Rxd8 23. Bxd8 Be6 24. Bxa5 Qa7 25. Bc3 Nd7 26. a3 h6 27. Red1
Nc5 28. Bxe5 Nb3 29. Bxb3 Bxb3 30. Rd3 Bc4 31. Rg3 g6 32. b3 Be6 33. Bf6 Qd7 34.
Rcc3 g5 35. Rcd3 Qc7 36. h4 g4 37. Rd8+ Kh7 38. h5 1-0

[Event "World Rapid Team 2023"]
[Site "Dusseldorf GER"]
[Date "2023.08.27"]
[Round "6.17"]
[Board "3"]
[White "Mueller, Konstantin"]
[Black "Moreby, James"]
[Result "0-1"]
[BlackTitle "FM"]
[WhiteElo "1696"]
[BlackElo "2279"]
[WhiteTeam "Deutsche Schachjugend 2"]
[BlackTeam "The Sharks"]
[WhiteFideId "34661778"]
[BlackFideId "427756"]
[EventDate "2023.08.26"]

1. e4 e6 2. d4 d5 3. Nc3 Nf6 4. Bg5 Bb4 5. e5 h6 6. exf6 hxg5 7. fxg7 Rg8 8. Bd3
Qf6 9. Ne2 Bd7 10. Qd2 Nc6 11. a3 Ba5 12. O-O-O Rxg7 13. Rhf1 Nxd4 14. Nxd4 Qxd4
15. f4 gxf4 16. Rxf4 Qe5 17. b4 Bb6 18. Re1 Qd6 19. g3 O-O-O 20. Ref1 f5 21. Rh4
Rf8 22. Kb1 c6 23. Qf4 e5 24. Qh6 Qe7 25. Na4 Bd8 26. Nc5 e4 27. Be2 Qe5 28.
Nxd7 Kxd7 29. Rhf4 Bf6 30. Kc1 Qa1+ 31. Kd2 Bc3+ 32. Ke3 Bd4+ 33. Kd2 e3+ 0-1

[Event "World Rapid Team 2023"]
[Site "Dusseldorf GER"]
[Date "2023.08.27"]
[Round "6.17"]
[Board "4"]
[White "Bremner, Adam"]
[Black "Czaeczine, Paula"]
[Result "1-0"]
[WhiteTitle "CM"]
[WhiteElo "2176"]
[BlackElo "1588"]
[WhiteTeam "The Sharks"]
[BlackTeam "Deutsche Schachjugend 2"]
[WhiteFideId "2400847"]
[BlackFideId "16249305"]
[EventDate "2023.08.26"]

1. d4 d5 2. c4 dxc4 3. Nf3 c5 4. e3 Nf6 5. Bxc4 a6 6. a4 e6 7. O-O Nc6 8. Qe2
Be7 9. Rd1 Qc7 10. Nc3 O-O 11. Bd2 cxd4 12. exd4 Rd8 13. Be3 Nd5 14. Rac1 b6 15.
Ba2 Bb7 16. Nxd5 exd5 17. Bb1 Qd7 18. Qd3 g6 19. Qb3 Nb4 20. Ne5 Qd6 21. Bf4 Qf6
22. Bd2 a5 23. Rc3 Qe6 24. Re1 Qd6 25. Bf4 Rac8 26. Nxg6 Rxc3 27. bxc3 Qf6 28.
Nxe7+ 1-0

[Event "World Rapid Team 2023"]
[Site "Dusseldorf GER"]
[Date "2023.08.27"]
[Round "6.17"]
[Board "5"]
[White "Bohatyrova, Mariia"]
[Black "Ivanov, Elizabeth"]
[Result "0-1"]
[WhiteElo "1398"]
[BlackElo "1601"]
[WhiteTeam "Deutsche Schachjugend 2"]
[BlackTeam "The Sharks"]
[WhiteFideId "34165789"]
[BlackFideId "427284"]
[EventDate "2023.08.26"]

1. e4 e5 2. Nf3 Nc6 3. Bc4 Nf6 4. Nc3 Bc5 5. d3 h6 6. O-O d6 7. h3 Be6 8. Bb3
Qd7 9. Bxe6 fxe6 10. Na4 Bb6 11. Nxb6 axb6 12. Be3 d5 13. exd5 exd5 14. Re1
O-O-O 15. c4 d4 16. Bd2 Rde8 17. Qb1 g5 18. b4 g4 19. hxg4 Qxg4 20. Nh2 Qg6 21.
Kh1 Rhg8 22. Rg1 Qh5 23. Qd1 Ng4 24. Qxg4+ Rxg4 25. g3 Rgg8 26. Rae1 Rgf8 27.
Rg2 Qf5 28. Re4 Re6 29. b5 Ne7 30. Rg1 Qh5 31. f4 Rg6 32. Rxe5 Qh3 33. Rxe7 Rxg3
34. Rxg3 Qxg3 35. Re2 Rg8 36. Nf3 Qxf3+ 37. Kh2 0-1

[Event "World Rapid Team 2023"]
[Site "Dusseldorf GER"]
[Date "2023.08.27"]
[Round "6.18"]
[Board "1"]
[White "Kraus, Sebastian"]
[Black "Haasler, Andreas"]
[Result "0-1"]
[WhiteElo "1904"]
[BlackElo "2222"]
[WhiteTeam "Unischach Bayreuth"]
[BlackTeam "MagdeBurg and Friends"]
[WhiteFideId "24690260"]
[BlackFideId "4658906"]
[EventDate "2023.08.26"]

1. e4 c5 2. Nf3 e6 3. c3 Nf6 4. e5 Nd5 5. d4 cxd4 6. cxd4 b6 7. Bb5 Bb7 8. O-O
Be7 9. Nc3 Nxc3 10. bxc3 O-O 11. Qe2 d6 12. Rd1 Nd7 13. Bf4 Qc7 14. h4 Bxf3 15.
Qxf3 dxe5 16. dxe5 Nc5 17. h5 h6 18. Rd4 Rad8 19. Rad1 a6 20. Be2 b5 21. Qg3
Rxd4 22. Rxd4 Kh8 23. Qf3 Rd8 24. Bg3 Bg5 25. Kh2 Kg8 26. Rd6 Rc8 27. Bd1 Be7
28. Rd4 Rd8 29. Bc2 Nd7 30. Qe4 Nf8 31. Bf4 Qxc3 32. Rxd8 Bxd8 33. Bb3 Bg5 34.
Bxg5 hxg5 35. f4 gxf4 36. Qxf4 Nd7 37. h6 Qxe5 38. Qxe5 Nxe5 39. hxg7 Kxg7 40.
Kg3 Kf6 41. Kf4 Nd3+ 42. Ke4 Nc5+ 43. Kd4 Nxb3+ 44. axb3 a5 0-1

[Event "World Rapid Team 2023"]
[Site "Dusseldorf GER"]
[Date "2023.08.27"]
[Round "6.18"]
[Board "2"]
[White "Niering, Martin"]
[Black "Braun, Kristin"]
[Result "1-0"]
[WhiteElo "2156"]
[BlackElo "1906"]
[WhiteTeam "MagdeBurg and Friends"]
[BlackTeam "Unischach Bayreuth"]
[WhiteFideId "4612817"]
[BlackFideId "24656534"]
[EventDate "2023.08.26"]

1. e4 c5 2. c3 d5 3. exd5 Qxd5 4. d4 g6 5. Nf3 Bg7 6. dxc5 Qxc5 7. Be3 Qc7 8.
Nbd2 Nc6 9. h3 Nf6 10. Bc4 O-O 11. O-O a6 12. a4 Rb8 13. Qe2 Rd8 14. Nb3 a5 15.
Rfd1 Bf5 16. Nbd4 Be4 17. Nb5 Rxd1+ 18. Rxd1 Qc8 19. Ng5 Ne5 20. Bb3 Qf5 21. Nd4
Bd3 22. Qe1 Qc8 23. f4 Bc4 24. fxe5 Nd5 25. Bxc4 Qxc4 26. e6 f6 27. Ngf3 Qxa4
28. Nf5 Nxe3 29. Nxe3 Qc6 30. Nd5 Re8 31. Qe3 f5 32. Qb6 Qc8 33. Kh1 a4 34. Qb5
a3 35. bxa3 Qa8 36. Nc7 1-0

[Event "World Rapid Team 2023"]
[Site "Dusseldorf GER"]
[Date "2023.08.27"]
[Round "6.18"]
[Board "3"]
[White "Strahl, Christian"]
[Black "Katz, Roland"]
[Result "1/2-1/2"]
[WhiteElo "1857"]
[BlackElo "2035"]
[WhiteTeam "Unischach Bayreuth"]
[BlackTeam "MagdeBurg and Friends"]
[WhiteFideId "12955019"]
[BlackFideId "4623916"]
[EventDate "2023.08.26"]

1. e4 c6 2. d4 d5 3. e5 Bf5 4. h4 h5 5. Bg5 Qb6 6. Bd3 Bxd3 7. Qxd3 Qxb2 8. Nf3
e6 9. O-O Be7 10. Nbd2 Qb6 11. Rab1 Qc7 12. c4 b6 13. Rfc1 Qd7 14. a4 Bxg5 15.
Nxg5 Ne7 16. cxd5 cxd5 17. a5 Nf5 18. axb6 axb6 19. Rxb6 O-O 20. Rcb1 Qa4 21.
R6b4 Qa6 22. Qf3 g6 23. Qf4 Nc6 24. Rb6 Ncxd4 25. Rxa6 Ne2+ 26. Kf1 Nxf4 27.
Rab6 Rac8 28. g3 Nd3 29. Ke2 Nxe5 30. R1b2 Nc4 31. Nxc4 Rxc4 32. Rb7 Nd6 33. Rd7
Ne4 34. Nf3 Nc5 35. Re7 d4 36. Ne5 Ra4 37. Rc2 d3+ 38. Nxd3 Nxd3 39. Kxd3 Ra5
40. Rcc7 Rd5+ 41. Ke4 Rd2 42. Ke3 Ra2 43. Kf3 Ra6 44. Kf4 Kg7 45. Ke4 Kf6 46.
Kf4 Ra4+ 47. Ke3 Ra2 48. Rb7 Ra5 49. f3 e5 50. Rec7 Ra6 51. Ke4 Re6 52. Rd7 Kg7
53. Rb5 Rfe8 54. Rbb7 Rf6 55. Re7 Rxe7 56. Rxe7 Ra6 57. Rxe5 Kf6 58. Rd5 Ra4+
59. Ke3 Ke6 60. Rb5 Kf6 61. Rb6+ Kg7 62. Rb7 Ra5 63. Rc7 Re5+ 64. Kf4 Re6 65.
Rb7 Kf6 66. Ra7 Rb6 67. Rc7 Rb4+ 68. Ke3 Rb6 69. Ra7 Ke6 70. Ra5 f6 71. Ra7 f5 1/2-1/2

[Event "World Rapid Team 2023"]
[Site "Dusseldorf GER"]
[Date "2023.08.27"]
[Round "6.18"]
[Board "4"]
[White "Berndt, Matthias"]
[Black "Glock, Benjamin"]
[Result "1-0"]
[WhiteElo "2072"]
[BlackElo "1782"]
[WhiteTeam "MagdeBurg and Friends"]
[BlackTeam "Unischach Bayreuth"]
[WhiteFideId "4622839"]
[BlackFideId "12942103"]
[EventDate "2023.08.26"]

1. e4 c6 2. d3 d5 3. Nd2 e5 4. Ngf3 Bd6 5. d4 exd4 6. Nxd4 dxe4 7. Nxe4 Nf6 8.
Nxc6 Bb4+ 9. Nxb4 Qxd1+ 10. Kxd1 Nxe4 11. Be3 O-O 12. Bd3 Rd8 13. Ke2 Nf6 14.
Rhd1 a5 15. Bc4 Re8 16. Nd5 Nxd5 17. Bxd5 Nd7 18. g3 Nf6 19. Bf3 Ng4 20. h4 Nxe3
21. fxe3 Bf5 22. Rac1 Ra7 23. c4 b6 24. Rd6 Rae7 25. Rxb6 Rxe3+ 26. Kf2 Rd3 27.
Re1 Rd2+ 28. Re2 Rexe2+ 29. Bxe2 h6 30. Ke3 Rc2 31. a3 g6 32. b4 axb4 33. axb4
Rc3+ 34. Kf2 Rc2 35. Rb8+ Kg7 36. c5 Bd3 37. Re8 Rb2 38. c6 Bxe2 39. Rxe2 Rxb4
40. Rc2 Rb8 41. Ke3 Kf6 42. Kd4 Ke6 43. Kc5 f5 44. Re2+ Kf6 45. c7 Rg8 46. Kd6
g5 47. Re6+ Kg7 48. h5 Rf8 49. Kd7 f4 50. gxf4 gxf4 51. c8=Q Rxc8 52. Kxc8 f3
53. Re3 1-0

[Event "World Rapid Team 2023"]
[Site "Dusseldorf GER"]
[Date "2023.08.27"]
[Round "6.18"]
[Board "5"]
[White "Holoubek, Jonas"]
[Black "Giebel, Christine"]
[Result "0-1"]
[WhiteElo "1570"]
[BlackElo "1830"]
[WhiteTeam "Unischach Bayreuth"]
[BlackTeam "MagdeBurg and Friends"]
[WhiteFideId "16283260"]
[BlackFideId "12926418"]
[EventDate "2023.08.26"]

1. e4 d5 2. exd5 Nf6 3. d4 Nxd5 4. c4 Nb6 5. Nf3 g6 6. Be2 Bg7 7. O-O O-O 8. Nc3
Nc6 9. Be3 Bg4 10. d5 Bxf3 11. Bxb6 Bxe2 12. Qxe2 axb6 13. dxc6 bxc6 14. Rfd1
Qe8 15. Qc2 e6 16. a3 Qe7 17. Rd3 Rfd8 18. Rad1 Rxd3 19. Qxd3 Bxc3 20. Qxc3 Rd8
21. Qc2 Rxd1+ 22. Qxd1 Qd6 23. Qc2 c5 24. g3 Qe5 25. Kg2 Kg7 26. b4 cxb4 27.
axb4 Qd6 28. Qb2+ f6 29. Qc3 Qc6+ 30. Kg1 e5 31. Qd3 Qd6 32. Qc3 Qd4 33. Qc2 f5
34. Kg2 Kf6 35. c5 Qxb4 36. cxb6 Qxb6 37. Qc3 Qd6 38. Qb3 Qe6 39. Qc3 c6 40. Qc5
Qd5+ 41. Qxd5 cxd5 42. Kf3 g5 43. Ke3 g4 44. f4 gxf3 45. Kxf3 d4 46. h3 h5 47.
h4 Ke6 48. Ke2 Kd5 49. Kf3 Kc4 50. Ke2 Kc3 0-1

[Event "World Rapid Team 2023"]
[Site "Dusseldorf GER"]
[Date "2023.08.27"]
[Round "6.18"]
[Board "6"]
[White "Meffert, Claudia"]
[Black "Hollstein, Jonas"]
[Result "0-1"]
[WhiteElo "1733"]
[BlackElo "1495"]
[WhiteTeam "MagdeBurg and Friends"]
[BlackTeam "Unischach Bayreuth"]
[WhiteFideId "12961515"]
[BlackFideId "16266870"]
[EventDate "2023.08.26"]

1. d4 d5 2. c4 c6 3. Nc3 Nf6 4. Nf3 dxc4 5. e4 b5 6. d5 b4 7. Na4 cxd5 8. exd5
Qxd5 9. Qxd5 Nxd5 10. Bxc4 e6 11. O-O Bd6 12. Rd1 Bb7 13. Bg5 h6 14. Bh4 O-O 15.
Rac1 Nd7 16. Nd4 a6 17. f3 Ne3 18. Re1 Nxc4 19. Rxc4 Rfc8 20. Rxc8+ Rxc8 21. b3
Nc5 22. Nb6 Rc7 23. Bd8 Nd3 24. Bxc7 Bxc7 25. Rd1 Bxb6 26. Rxd3 e5 27. Kf1 Bxd4
28. f4 a5 29. Ke1 Bxg2 30. fxe5 Bxe5 31. Kf2 Bc6 32. Rd8+ Kh7 33. h4 f5 34. Rc8
Be4 35. Rc5 Bf6 36. Rxa5 Bxh4+ 37. Ke3 Bg5+ 38. Kf2 Bd2 39. Ra6 h5 40. a4 bxa3
41. Rxa3 h4 42. Ra1 h3 43. Kg1 Bf4 44. Ra2 h2+ 45. Rxh2+ Bxh2+ 46. Kxh2 Kg6 47.
Kg3 Kf6 48. b4 g5 49. b5 Ke5 50. b6 Kd6 51. Kh3 Kc6 52. Kg3 Kxb6 53. Kf2 Kc5 54.
Ke3 Kd5 55. Kf2 Ke5 56. Kg3 Bb1 57. Kf3 Kd4 58. Kg3 Ke3 59. Kg2 Ke2 60. Kg3 f4+ 0-1

[Event "World Rapid Team 2023"]
[Site "Dusseldorf GER"]
[Date "2023.08.27"]
[Round "7.1"]
[Board "1"]
[White "Vachier-Lagrave, Maxime"]
[Black "Anand, Viswanathan"]
[Result "1/2-1/2"]
[WhiteTitle "GM"]
[BlackTitle "GM"]
[WhiteElo "2739"]
[BlackElo "2754"]
[WhiteTeam "ASV AlphaEchecs Linz"]
[BlackTeam "Freedom"]
[WhiteFideId "623539"]
[BlackFideId "5000017"]
[EventDate "2023.08.26"]

1. e4 e5 2. Nf3 Nc6 3. Bb5 a6 4. Ba4 Nf6 5. O-O Nxe4 6. d4 b5 7. Bb3 d5 8. dxe5
Be6 9. Nbd2 Nc5 10. c3 d4 11. Bxe6 Nxe6 12. cxd4 Ncxd4 13. a4 Bb4 14. axb5 Nxb5
15. Qa4 Bxd2 16. Bxd2 O-O 17. Rfd1 c5 18. Be3 Qe7 19. h4 h6 20. Qg4 f5 21. exf6
Qxf6 22. Ra4 Nbd4 23. Nxd4 cxd4 24. Bxd4 Nxd4 25. Qxd4 Rad8 26. Qc4+ Kh8 27. Rf1
Qxb2 28. Qxa6 Rf6 29. Qc4 Rfd6 30. Qf4 Qf6 31. Qc1 Rd4 32. Rxd4 Qxd4 33. g3 Qd2
34. Qc4 Qd3 35. Qf7 Qd5 36. Qg6 Qd3 37. Qh5 Qd5 38. Qg4 Qd4 39. Qe6 Qd5 40. Qe3
Qd3 41. Kg2 Kh7 42. Re1 Qd4 43. Qf3 Qd5 44. Re4 Rd6 45. g4 Rf6 46. Qe3 Rd6 47.
h5 Rd8 48. Kg3 Qd1 49. f3 Qd6+ 50. Re5 Kh8 51. Kh3 Qd3 52. Qf2 Rc8 53. Re3 Rc2
54. Qe1 Qd5 55. Re8+ Kh7 56. Qe3 Rc4 57. Qe2 Rc3 58. Kg2 Rc4 59. Re4 Rc8 60. Re5
Qb3 61. Kg3 Kh8 62. Re6 Qc3 63. g5 hxg5 64. h6 Qc7+ 65. Kh3 Rf8 66. Qe4 Qf7 67.
hxg7+ Qxg7 68. Rg6 Rxf3+ 69. Kg2 Rf4 70. Qe8+ Rf8 71. Rxg7 Rxe8 72. Rxg5 Rg8 73.
Rxg8+ Kxg8 1/2-1/2

[Event "World Rapid Team 2023"]
[Site "Dusseldorf GER"]
[Date "2023.08.27"]
[Round "7.1"]
[Board "3"]
[White "Maghsoodloo, Parham"]
[Black "Vidit, Santosh Gujrathi"]
[Result "0-1"]
[WhiteTitle "GM"]
[BlackTitle "GM"]
[WhiteElo "2702"]
[BlackElo "2723"]
[WhiteTeam "ASV AlphaEchecs Linz"]
[BlackTeam "Freedom"]
[WhiteFideId "12539929"]
[BlackFideId "5029465"]
[EventDate "2023.08.26"]

1. c4 e5 2. Nc3 Nf6 3. Nf3 Nc6 4. g3 Bb4 5. Bg2 O-O 6. O-O e4 7. Ng5 Bxc3 8.
bxc3 Re8 9. f3 exf3 10. Nxf3 d5 11. d4 h6 12. cxd5 Qxd5 13. Ne5 Qe6 14. Bf4 Nxe5
15. dxe5 Ng4 16. Bd5 Qb6+ 17. Qd4 Be6 18. Qxb6 cxb6 19. Bxb7 Rab8 20. Ba6 g5 21.
Bc1 Nxe5 22. h4 Bh3 23. Rd1 f6 24. hxg5 hxg5 25. a4 Be6 26. Bb5 Rec8 27. Rd6 Kf7
28. a5 Rc5 29. axb6 Rxb5 30. Rxa7+ Kg6 31. Rxe6 Rb1 32. Kg2 Rxc1 33. b7 Rb1 34.
Raa6 Nd7 35. e4 R8xb7 36. e5 R7b2+ 37. Kf3 Rf1+ 38. Kg4 Re2 39. exf6 Nxf6+ 0-1

[Event "World Rapid Team 2023"]
[Site "Dusseldorf GER"]
[Date "2023.08.27"]
[Round "7.1"]
[Board "4"]
[White "Rapport, Richard"]
[Black "Bacrot, Etienne"]
[Result "0-1"]
[WhiteTitle "GM"]
[BlackTitle "GM"]
[WhiteElo "2752"]
[BlackElo "2662"]
[WhiteTeam "Freedom"]
[BlackTeam "ASV AlphaEchecs Linz"]
[WhiteFideId "738590"]
[BlackFideId "605506"]
[EventDate "2023.08.26"]

1. e4 e6 2. d3 d5 3. Nd2 c5 4. g3 Nc6 5. Bg2 Nf6 6. Ngf3 Be7 7. O-O O-O 8. Re1
h6 9. a4 b6 10. e5 Nh7 11. h4 Qc7 12. c3 f6 13. exf6 Nxf6 14. d4 Bd6 15. Nb3 Ng4
16. Be3 Bxg3 17. fxg3 Qxg3 18. Qe2 Rxf3 0-1

[Event "World Rapid Team 2023"]
[Site "Dusseldorf GER"]
[Date "2023.08.27"]
[Round "7.1"]
[Board "5"]
[White "Lagno, Kateryna"]
[Black "Shuvalova, Polina"]
[Result "1/2-1/2"]
[WhiteTitle "GM"]
[BlackTitle "IM"]
[WhiteElo "2552"]
[BlackElo "2496"]
[WhiteTeam "ASV AlphaEchecs Linz"]
[BlackTeam "Freedom"]
[WhiteFideId "14109336"]
[BlackFideId "24171760"]
[EventDate "2023.08.26"]

1. e4 d5 2. exd5 Qxd5 3. Nc3 Qd6 4. d4 Nf6 5. Nf3 Nc6 6. Nb5 Qd8 7. Bf4 Nd5 8.
Bg3 a6 9. Nc3 Bg4 10. Nxd5 Qxd5 11. Be2 O-O-O 12. O-O Bxf3 13. Bxf3 Qxd4 14.
Bxc6 Qxd1 15. Bxb7+ Kxb7 16. Rfxd1 Rxd1+ 17. Rxd1 Kc8 18. Rd4 f6 19. Rc4 e5 20.
f4 Bd6 21. fxe5 Bxe5 22. Bxe5 fxe5 23. Rc5 Rd8 24. Rxe5 Rd1+ 25. Kf2 Rb1 26. b3
Rb2 27. Re2 Rxa2 28. Ke3 a5 29. Kd3 a4 30. Re8+ Kb7 31. bxa4 Rxa4 32. h3 Ra3+
33. c3 Ra2 34. g3 Rg2 35. Re3 Kc6 36. Ke4 1/2-1/2

[Event "World Rapid Team 2023"]
[Site "Dusseldorf GER"]
[Date "2023.08.27"]
[Round "7.2"]
[Board "1"]
[White "Sargissian, Gabriel"]
[Black "Harikrishna, Pentala"]
[Result "1/2-1/2"]
[WhiteTitle "GM"]
[BlackTitle "GM"]
[WhiteElo "2692"]
[BlackElo "2711"]
[WhiteTeam "Armenia"]
[BlackTeam "Team MGD1"]
[WhiteFideId "13300881"]
[BlackFideId "5007003"]
[EventDate "2023.08.26"]

1. d4 d5 2. c4 e6 3. Nf3 Nf6 4. g3 Be7 5. Bg2 O-O 6. O-O dxc4 7. Qc2 a6 8. a4
Bd7 9. Qxc4 Bc6 10. Bf4 Bd6 11. Qc1 a5 12. Nc3 Na6 13. Rd1 h6 14. Ne5 Bxg2 15.
Kxg2 Nd5 16. Bd2 Nab4 17. Nf3 f5 18. Nxd5 Nxd5 19. Qc2 c6 20. e4 fxe4 21. Qxe4
Qf6 22. Rf1 Qf5 23. Rfe1 Rf7 24. Qxf5 exf5 25. Ne5 Re7 26. Nc4 Bc7 27. Rxe7 Nxe7
28. Ra3 Rd8 29. Bxa5 Rxd4 30. Bxc7 Rxc4 31. Rb3 Rxa4 32. Rxb7 Re4 33. Bd6 Nd5
34. b4 g6 35. Bc5 g5 36. h3 Re6 37. Rd7 Nf6 38. Rc7 Nd5 39. Rb7 Re4 40. Rd7 Nxb4
41. Rd6 Kh7 42. Bxb4 Rxb4 1/2-1/2

[Event "World Rapid Team 2023"]
[Site "Dusseldorf GER"]
[Date "2023.08.27"]
[Round "7.2"]
[Board "2"]
[White "Nihal, Sarin"]
[Black "Martirosyan, Haik M."]
[Result "1/2-1/2"]
[WhiteTitle "GM"]
[BlackTitle "GM"]
[WhiteElo "2684"]
[BlackElo "2683"]
[WhiteTeam "Team MGD1"]
[BlackTeam "Armenia"]
[WhiteFideId "25092340"]
[BlackFideId "13306553"]
[EventDate "2023.08.26"]

1. Nf3 d5 2. b3 c5 3. e3 g6 4. Bb2 Nf6 5. c4 Bg7 6. cxd5 Qxd5 7. Bc4 Qd8 8. O-O
O-O 9. d4 cxd4 10. Nxd4 Bd7 11. Nd2 Nc6 12. N2f3 Nxd4 13. Bxd4 Bc6 14. Qe2 Bd5
15. Rfd1 Bxc4 16. Qxc4 Qa5 17. Rac1 Rad8 18. h3 Nd5 19. Bxg7 Kxg7 20. Qc5 Qxc5
21. Rxc5 e6 22. Rdc1 Kf6 23. Kf1 Rd7 24. a3 Rfd8 25. g4 h6 26. h4 g5 27. hxg5+
hxg5 28. Ke2 b6 29. R5c2 Ne7 30. Nd2 Kg6 31. Nf3 Kf6 32. Rh1 Rd3 33. Rh5 Rxb3
34. Nxg5 Nd5 35. Ne4+ Ke7 36. Ra2 Rc8 37. Kf3 b5 38. g5 a5 39. Rh7 Rg8 40. Rc2
b4 41. axb4 axb4 42. Rc5 Ra3 43. Rb5 Ra7 44. Kg4 Rc7 45. Kf3 Nc3 46. Rxb4 Nxe4
47. Rxe4 Rxg5 1/2-1/2

[Event "World Rapid Team 2023"]
[Site "Dusseldorf GER"]
[Date "2023.08.27"]
[Round "7.2"]
[Board "4"]
[White "Sadhwani, Raunak"]
[Black "Ter-Sahakyan, Samvel"]
[Result "1-0"]
[WhiteTitle "GM"]
[BlackTitle "GM"]
[WhiteElo "2624"]
[BlackElo "2609"]
[WhiteTeam "Team MGD1"]
[BlackTeam "Armenia"]
[WhiteFideId "35093487"]
[BlackFideId "13302531"]
[EventDate "2023.08.26"]

1. e4 c5 2. Nf3 Nc6 3. Bb5 g6 4. O-O Bg7 5. Re1 e5 6. Bxc6 dxc6 7. d3 Qe7 8. a4
Nf6 9. a5 Nd7 10. Be3 Nf8 11. Nbd2 Ne6 12. Nc4 Nd4 13. Nfd2 O-O 14. c3 Rd8 15.
Qb1 Ne6 16. Nf3 Qc7 17. b4 cxb4 18. cxb4 Nf4 19. Ra3 Bg4 20. Ncd2 Rd7 21. h3
Bxf3 22. Nxf3 Ne6 23. Rc1 a6 24. g3 Re8 25. Bb6 Qd6 26. Re1 h6 27. h4 Nc7 28. h5
Nb5 29. Rb3 Qe6 30. Kg2 g5 31. Nd2 f5 32. exf5 Qxf5 33. Qc2 Kh8 34. Qc4 Nd6 35.
Qc2 Nb5 36. Ne4 g4 37. Qe2 Rf8 38. Bc5 Rff7 39. Rh1 Bf6 40. Be3 Be7 41. Rbb1 Kh7
42. Bc5 Bd8 43. Rbd1 Be7 44. Qe3 Bg5 45. Qe2 Qf3+ 46. Qxf3 Rxf3 47. Nxg5+ hxg5
48. Rde1 Rf5 49. Re4 Rxd3 50. Rxg4 Nd4 51. Re4 Ne6 52. Be3 Rd5 53. Re1 Kh6 54.
Bc1 Rb5 55. f3 Nd4 56. g4 Rf6 57. f4 gxf4 58. Rxe5 Rxe5 59. Rxe5 Ne6 60. Bb2 f3+
61. Kf2 1-0

[Event "World Rapid Team 2023"]
[Site "Dusseldorf GER"]
[Date "2023.08.27"]
[Round "7.2"]
[Board "5"]
[White "Danielian, Elina"]
[Black "Dronavalli, Harika"]
[Result "0-1"]
[WhiteTitle "GM"]
[BlackTitle "GM"]
[WhiteElo "2416"]
[BlackElo "2500"]
[WhiteTeam "Armenia"]
[BlackTeam "Team MGD1"]
[WhiteFideId "13300210"]
[BlackFideId "5015197"]
[EventDate "2023.08.26"]

1. d4 g6 2. e4 Bg7 3. Nc3 d6 4. f4 a6 5. Nf3 b5 6. Bd3 Nd7 7. e5 Nh6 8. Ng5 e6
9. a4 b4 10. Nce4 d5 11. Nf2 c5 12. c4 Bb7 13. cxd5 Bxd5 14. Nfe4 O-O 15. dxc5
Qa5 16. Be3 Nf5 17. Bf2 h6 18. Nf3 Rfd8 19. Qe2 Bxe4 20. Bxe4 Rac8 21. c6 Nc5
22. O-O Ne7 23. Nd4 Nxe4 24. Qxe4 Qd5 25. Qxd5 Nxd5 26. g3 g5 27. f5 Bxe5 28.
fxe6 fxe6 29. Nxe6 Re8 30. Nd4 Bxd4 31. Bxd4 Rxc6 32. Rac1 Rxc1 33. Rxc1 Re4 34.
Rd1 Re2 35. Rc1 Rd2 36. Rc4 Kf7 37. h4 gxh4 38. gxh4 h5 39. a5 Ke6 40. b3 Kf5
41. Bb6 Rd3 42. Rc8 Rxb3 43. Rd8 Nf4 44. Bc7 Ne6 45. Rd5+ Kg4 46. Bb8 Rc3 47.
Rd6 Nc5 48. Rb6 b3 49. Be5 Rc1+ 50. Kg2 Rc2+ 51. Kf1 Nd3 52. Bd4 b2 53. Bxb2
Rxb2 54. Rxa6 Ra2 55. Rd6 Nf4 56. a6 Kxh4 57. Ke1 Kg3 58. Rb6 h4 59. Kd1 h3 0-1

[Event "World Rapid Team 2023"]
[Site "Dusseldorf GER"]
[Date "2023.08.27"]
[Round "7.2"]
[Board "6"]
[White "Peter Anand, A"]
[Black "Atoyan, Alberto"]
[Result "1-0"]
[WhiteElo "1949"]
[BlackElo "1896"]
[WhiteTeam "Team MGD1"]
[BlackTeam "Armenia"]
[WhiteFideId "25003801"]
[BlackFideId "13314831"]
[EventDate "2023.08.26"]

1. d4 Nf6 2. c4 e6 3. Nc3 Bb4 4. Qc2 d5 5. e3 O-O 6. Bd2 b6 7. cxd5 exd5 8. Nf3
a5 9. Rc1 Re8 10. Bd3 Ba6 11. Ne2 Bxd3 12. Qxd3 Bd6 13. Ng3 Ne4 14. O-O Nd7 15.
a3 Ndf6 16. Nf5 Qd7 17. Nxd6 Qxd6 18. h3 Nd7 19. b4 axb4 20. axb4 c6 21. Rc2
Rec8 22. Rfc1 Nxd2 23. Qxd2 b5 24. Ra2 Nb6 25. Rca1 Ra4 26. Rxa4 bxa4 27. Ne5 f6
28. Nd3 a3 29. Qc3 Nc4 30. Ne1 Rb8 31. Nc2 h6 32. Nxa3 Rxb4 33. Nxc4 Rxc4 34.
Qd3 Qb8 35. Rb1 Rb4 36. Rc1 Rb3 37. Qf5 Rb6 38. Qd7 Kh8 39. g3 Qa8 40. Kg2 Qa6
41. h4 Qa8 42. Qc7 Qa6 43. h5 Qb5 44. Ra1 Rb8 45. Ra7 Rg8 46. Qf4 c5 47. Rf7 Qe8
48. Rxf6 Qxh5 49. Rf5 Qe8 50. dxc5 Qc6 51. Qd6 Qa4 52. Qxd5 Rc8 53. Qe6 Re8 54.
Qd5 Qc2 55. Qf3 Kg8 56. c6 Rc8 57. Qd5+ Kh7 58. Rf7 Rxc6 59. Qe5 Qg6 60. Rf8 Re6
61. Qf5 Qxf5 62. Rxf5 Kg6 63. Ra5 Kf6 64. g4 Rb6 65. f4 g6 66. Kf3 Rb3 67. g5+
hxg5 68. fxg5+ Ke6 69. Kf4 Rb6 70. Ra7 Rb4+ 71. e4 Rb1 72. Rg7 Rf1+ 73. Ke3 Re1+
74. Kf3 Rf1+ 75. Ke2 Ra1 76. Rxg6+ Ke5 77. Kf3 Rf1+ 78. Kg3 Rg1+ 79. Kf2 Ra1 80.
Kf3 Rf1+ 81. Kg2 Rf8 82. Kg3 Kxe4 83. Rf6 Rg8 84. Kg4 Ke5 85. Rf1 Ke6 86. Kh5
Rh8+ 87. Kg6 Rg8+ 88. Kh6 Rh8+ 89. Kg7 Rh2 90. g6 Rg2 91. Kh7 Rh2+ 92. Kg8 Rg2
93. g7 Ke7 94. Rf7+ Ke8 95. Rf5 Ke7 96. Rf4 Rg1 97. Ra4 Rb1 98. Ra7+ Kf6 99.
Ra6+ Ke7 100. Kh7 Rh1+ 101. Rh6 1-0